• 首页
  • 本馆介绍
  • 公告通知
  • 最新文献
  • 馆藏检索
  • 电子资源
  • 读者荐购
  • 参考咨询
  • CALIS
  • 我的图书馆
  • 登录
  • 详细信息显示
  • 放入我的书架
  • 预约/预借图书
  • 作者相关作品
  • 分类相关作品
  • 丛书相关作品
  • 出版社相关作品

书目信息

  • 表格格式
  • 工作单格式
  • 卡片格式
题名:
电子信息材料与器件
    
 
作者: 胡星 , 陈志武 , 李屹 主编
分册:  
出版信息: 北京   化学工业出版社  2025.07
页数: 244页
开本: 26cm
丛书名:
单 册:
中图分类: TN04 , TN6
科图分类:
主题词: 电子材料--dian zi cai liao--高等教育--教材 , 电子器件--dian zi qi jian--高等教育--教材
电子资源:
ISBN: 978-7-122-46525-2
 
 
 
 
 
000 01333nam0 2200313 450
001 95583
005 20250902171737.35
010    @a978-7-122-46525-2@dCNY49.00
100    @a20250627d2025 em y0chiy50 ea
101 0  @achi
102    @aCN@b110000
105    @aak a 000yy
106    @ar
200 1  @a电子信息材料与器件@Adian zi xin xi cai liao yu qi jian@d= Electronic information materials and devices@f胡星, 陈志武, 李屹主编@zeng
210    @a北京@c化学工业出版社@d2025.07
215    @a244页@c图@d26cm
320    @a有书目
330    @a本书系统介绍了物联网应用中的各种电子信息材料与器件。全书共五章, 分别介绍了敏感材料和器件: 力敏、热敏、光敏、气敏、压敏和湿敏材料与器件 ; 信息传输材料和器件: 传输线理论、信息传输材料和射频元件 ; 信息存储材料与器件: 磁存储、半导体存储、铁电存储、忆阻器材料和器件 ; 信息处理材料之无源电子材料与器件: 电阻、电容、电感材料和器件等。
333    @a战略性新兴领域“十四五”高等教育教材
510 1  @aElectronic information materials and devices@zeng
606 0  @a电子材料@Adian zi cai liao@x高等教育@j教材
606 0  @a电子器件@Adian zi qi jian@x高等教育@j教材
690    @aTN04@v5
690    @aTN6@v5
701  0 @a胡星@Ahu xing@4主编
701  0 @a陈志武@Achen zhi wu@4主编
701  0 @a李屹@Ali yi@4主编
801  0 @aCN@c20250909
905    @a河南城建学院图书馆@dTN04@eH512@f1
    
    电子信息材料与器件= Electronic information materials and devices/胡星, 陈志武, 李屹主编.-北京:化学工业出版社,2025.07
    244页:图;26cm
    使用对象:战略性新兴领域“十四五”高等教育教材
    
    ISBN 978-7-122-46525-2:CNY49.00
    本书系统介绍了物联网应用中的各种电子信息材料与器件。全书共五章, 分别介绍了敏感材料和器件: 力敏、热敏、光敏、气敏、压敏和湿敏材料与器件 ; 信息传输材料和器件: 传输线理论、信息传输材料和射频元件 ; 信息存储材料与器件: 磁存储、半导体存储、铁电存储、忆阻器材料和器件 ; 信息处理材料之无源电子材料与器件: 电阻、电容、电感材料和器件等。
●
相关链接 在E读中查询图书 在当当中查询图书 在豆瓣中查询图书


正题名:电子信息材料与器件     索取号:TN04/H512         预约/预借

序号 登录号 条形码 馆藏地/架位号 状态 备注
1 1629641   216296416   自科库301/301自科库 24排4列5层/ [索取号:TN04/H512] 在馆    
河南城建学院图书馆 欢迎您!
大连网信软件有限公司© 版权所有